[Event "VEN-chT Liga Superior qual"]
[Site "Caracas"]
[Date "2018.01.26"]
[Round "2.6"]
[White "Abatantuono Lattarulo, Giuseppe"]
[Black "Zamora Monascal, Petter David"]
[Result "1-0"]
[WhiteElo "2148"]
[BlackElo "1986"]
[PlyCount "69"]
[EventDate "2018.01.26"]
[EventType "team-swiss"]
[EventRounds "6"]
[EventCountry "VEN"]
[SourceTitle "EXT 2022"]
[Source "ChessBase"]
[SourceDate "2021.10.06"]
[SourceVersion "1"]
[SourceVersionDate "2021.10.06"]
[SourceQuality "1"]
[WhiteTeam "GM Julio Bolbochan"]
[BlackTeam "Caracas 64"]
[WhiteTeamCountry "VEN"]
[BlackTeamCountry "VEN"]

1. Nf3 d5 2. g3 Nf6 3. Bg2 e6 4. 0-0 Be7 5. d3 Nbd7 6. Nbd2 0-0 7. e4 b6 8. e5 Ne8 9. Re1 Bb7 10. d4 c5 11. c3 g6 12. Nf1 Ng7 13. Bh6 Re8 14. h4 Nf5 15. Bf4 b5 16. Qd2 Nb6 17. b3 a5 18. dxc5 Bxc5 19. Bg5 Be7 20. g4 Ng7 21. Bxe7 Qxe7 22. Qh6 Nd7 23. Ng5 Nf8 24. Re3 Qc7 25. Rae1 Re7 26. Rh3 b4 27. c4 dxc4 28. Bxb7 Qxb7 29. Nd2 Qd5 30. Nxc4 Qd4 31. Ne4 Ne8 32. Rf3 a4 33. Nf6+ Nxf6 34. exf6 Qxg4+ 35. Kf1 1-0

[Event "Caracas FVA 80th Ann"]
[Site "Caracas"]
[Date "2015.12.16"]
[Round "1"]
[White "Palma Dugarte, Jose Gregorio"]
[Black "Zamora Monascal, Petter David"]
[Result "0-1"]
[WhiteElo "1389"]
[BlackElo "1958"]
[PlyCount "70"]
[EventDate "2015.12.16"]
[EventType "swiss"]
[EventRounds "8"]
[EventCountry "VEN"]
[SourceTitle "EXT 2018"]
[Source "ChessBase"]
[SourceDate "2017.10.13"]
[SourceVersion "1"]
[SourceVersionDate "2017.10.13"]
[SourceQuality "1"]

1. e4 e5 2. Nf3 Nc6 3. Bb5 a6 4. Ba4 Nf6 5. 0-0 b5 6. Bb3 Be7 7. d3 d6 8. Ng5 0-0 9. Be3 Na5 10. c3 c5 11. Bc2 h6 12. Nf3 Be6 13. b4 cxb4 14. cxb4 Nc6 15. Qd2 d5 16. exd5 Bxb4 17. Qe2 Qxd5 18. Bb3 Qd6 19. Nbd2 Bxb3 20. Nxb3 Rfd8 21. Rfd1 Nd5 22. Bd2 Bxd2 23. Qxd2 Nf4 24. Ne1 Qg6 25. Nc5 Rd4 26. Ne4 Rxd3 27. Qc2 Nb4 28. Qb1 Rxd1 29. Qxd1 Qxe4 30. a3 Nbd3 31. Nf3 Rc8 32. Qd2 Nh3+ 33. gxh3 Qxf3 34. Rd1 Nf4 35. Qd7 Qg2# 0-1

[Event "Central America Carribean-ch U20"]
[Site "Porlamar"]
[Date "2015.08.22"]
[Round "2"]
[White "Zamora Monascal, Petter David"]
[Black "Gascon del Nogal, Jose Rafael"]
[Result "0-1"]
[WhiteElo "1945"]
[BlackElo "2371"]
[PlyCount "68"]
[EventDate "2015.08.22"]
[EventType "swiss"]
[EventRounds "9"]
[EventCountry "VEN"]
[SourceTitle "EXT 2018"]
[Source "ChessBase"]
[SourceDate "2017.10.13"]
[SourceVersion "1"]
[SourceVersionDate "2017.10.13"]
[SourceQuality "1"]

1. d4 Nf6 2. Bg5 Ne4 3. h4 c5 4. dxc5 d5 5. Nf3 f6 6. Be3 e5 7. c3 Nxc5 8. Bxc5 Bxc5 9. e3 Nc6 10. Nbd2 0-0 11. Qc2 Be6 12. h5 Rc8 13. Qa4 a6 14. Rd1 Qe8 15. Qh4 e4 16. Nb3 Ba3 17. bxa3 exf3 18. Nd4 Ne5 19. gxf3 Rxc3 20. Bg2 Nd3+ 21. Ke2 Nc5 22. Rc1 Rc4 23. Rhd1 Bf7 24. Qg3 Bxh5 25. Nf5 Bg6 26. Nd6 Qd8 27. Nxc4 Bd3+ 28. Rxd3 Nxd3 29. Kxd3 dxc4+ 30. Kc3 Qd3+ 31. Kb2 Rc8 32. Bf1 c3+ 33. Kb3 Qd5+ 34. Kc2 Qd2+ 0-1

[Event "Guillermo Garcia Memorial op 24th"]
[Site "Santa Clara"]
[Date "2015.06.10"]
[Round "8"]
[White "Zamora Monascal, Petter David"]
[Black "Morales Garcia, Alexei"]
[Result "0-1"]
[WhiteElo "1944"]
[BlackElo "2126"]
[PlyCount "138"]
[EventDate "2015.06.03"]
[EventType "swiss"]
[EventRounds "9"]
[EventCountry "CUB"]
[SourceTitle "CBM 167 Extra"]
[Source "ChessBase"]
[SourceDate "2015.09.14"]
[SourceVersion "1"]
[SourceVersionDate "2015.09.14"]
[SourceQuality "1"]

1. d4 Nf6 2. Bg5 Ne4 3. h4 c5 4. dxc5 Qa5+ 5. Nd2 Nxg5 6. hxg5 Qxc5 7. Ngf3 g6 8. c3 Bg7 9. Ne4 Qb6 10. Qb3 Qxb3 11. axb3 d6 12. e3 Nc6 13. b4 Be6 14. b5 Ne5 15. Nxe5 Bxe5 16. Rh4 0-0 17. Nd2 Bd7 18. Rha4 a6 19. Ra5 Rab8 20. bxa6 bxa6 21. Nc4 Bg7 22. 0-0-0 Bb5 23. Na3 Bxf1 24. Rxf1 Rb6 25. Kc2 Rc8 26. Ra4 d5 27. Rh1 Rcb8 28. Rb1 h6 29. gxh6 Bxh6 30. b4 Rc8 31. Rb3 e5 32. Kd3 e4+ 33. Kd2 Bg7 34. Ra5 Rbc6 35. Nb1 Rf6 36. Ke1 Rd6 37. Kd2 Bf6 38. Rc5 Rb8 39. Ra3 Bd8 40. b5 axb5 41. Rb3 Bh4 42. g3 Bf6 43. Na3 Ra8 44. Rcxb5 Kg7 45. Nc2 Rh8 46. Nb4 Rh2 47. Ke1 Rh5 48. Ra3 Rd8 49. Ke2 Rf5 50. Nc6 Rh8 51. Rb1 Rh2 52. Rf1 Rf3 53. Ke1 Kh6 54. Nb4 Rf5 55. g4 Rg5 56. Rg1 Be7 57. Ra5 f5 58. Rxd5 fxg4 59. Rd4 Bf6 60. Rc4 Kh5 61. Nc2 Rb5 62. Ke2 Rb2 63. Rc1 g3 64. Rxe4 Rxf2+ 65. Kd3 g2 66. Rf4 Rbxc2 67. Rxf6 Rxc1 68. Rxf2 g1Q 69. Rf4 Rxc3+ 0-1

[Event "Caracas VII Aniversario Ciencias U.C.V."]
[Site "Caracas"]
[Date "2015.04.05"]
[Round "9.6"]
[White "Chamate Barreto, David Felipe"]
[Black "Zamora Monascal, Petter David"]
[Result "0-1"]
[WhiteElo "1953"]
[BlackElo "1968"]
[PlyCount "97"]
[EventDate "2015.04.01"]
[EventType "swiss"]
[EventRounds "9"]
[EventCountry "VEN"]
[SourceTitle "EXT 2022"]
[Source "ChessBase"]
[SourceDate "2021.10.06"]
[SourceVersion "1"]
[SourceVersionDate "2021.10.06"]
[SourceQuality "1"]

1. d4 d5 2. Nc3 Nf6 3. Bg5 Nbd7 4. Nf3 h6 5. Bh4 e6 6. a3 c5 7. e3 a6 8. Bd3 c4 9. Be2 Qc7 10. 0-0 Bd6 11. Bg3 b5 12. Nd2 Bb7 13. Bxd6 Qxd6 14. f4 Ne4 15. Ndxe4 dxe4 16. Qe1 g6 17. Qh4 Qe7 18. Qh3 f5 19. g4 Nb6 20. Rf2 Kf7 21. Rg2 Bc6 22. Kh1 Rag8 23. Rag1 Qf6 24. Qg3 Ke7 25. Nd1 Be8 26. Qe1 Kd6 27. Qa5 Nd5 28. Qxa6+ Bc6 29. Qa5 Ra8 30. Qd2 Be8 31. Nc3 Kc7 32. Nxd5+ exd5 33. gxf5 Qxf5 34. Qb4 Qf8 35. Qe1 Qf6 36. Qb4 Qf8 37. Qxf8 Rxf8 38. c3 Ra6 39. Rg4 Raf6 40. Rh4 h5 41. Rh3 Bd7 42. Rhg3 Bf5 43. Kg2 Kb6 44. Kf2 Kc7 45. Bf1 Kd7 46. Bh3 Bxh3 47. Rxh3 Rd6 48. Rg5 Kc6 49. Rhg3 0-1

[Event "Caracas VII Aniversario Ciencias U.C.V."]
[Site "Caracas"]
[Date "2015.04.03"]
[Round "6.4"]
[White "Zamora Monascal, Petter David"]
[Black "Huerta Escobar, Bruce"]
[Result "1/2-1/2"]
[WhiteElo "1968"]
[BlackElo "2062"]
[PlyCount "71"]
[EventDate "2015.04.01"]
[EventType "swiss"]
[EventRounds "9"]
[EventCountry "VEN"]
[SourceTitle "EXT 2022"]
[Source "ChessBase"]
[SourceDate "2021.10.06"]
[SourceVersion "1"]
[SourceVersionDate "2021.10.06"]
[SourceQuality "1"]

1. d4 Nf6 2. Nf3 g6 3. Bg5 Bg7 4. Nbd2 d5 5. e3 0-0 6. Bd3 Nbd7 7. c3 Re8 8. 0-0 e5 9. Nxe5 Nxe5 10. dxe5 Rxe5 11. Nf3 Bg4 12. Bf4 Re8 13. h3 Bxf3 14. Qxf3 Ne4 15. Bxe4 dxe4 16. Qe2 Qe7 17. Rad1 Red8 18. Rxd8+ Rxd8 19. Rd1 c6 20. Rd2 Bf6 21. Qd1 Rxd2 22. Qxd2 Qd8 23. Qxd8+ Bxd8 24. Be5 f5 25. c4 Kf7 26. f4 exf3 27. gxf3 Bf6 28. Bd4 a6 29. b3 Be7 30. Kg2 g5 31. f4 h6 32. Kf3 Bd6 33. fxg5 hxg5 34. e4 Ke6 35. exf5+ Kxf5 36. Bc3 1/2-1/2

[Event "Caracas VII Aniversario Ciencias U.C.V."]
[Site "Caracas"]
[Date "2015.04.02"]
[Round "3.2"]
[White "Mora Moron, Jose Ramon"]
[Black "Zamora Monascal, Petter David"]
[Result "1/2-1/2"]
[WhiteElo "2192"]
[BlackElo "1968"]
[PlyCount "141"]
[EventDate "2015.04.01"]
[EventType "swiss"]
[EventRounds "9"]
[EventCountry "VEN"]
[SourceTitle "EXT 2022"]
[Source "ChessBase"]
[SourceDate "2021.10.06"]
[SourceVersion "1"]
[SourceVersionDate "2021.10.06"]
[SourceQuality "1"]

1. d4 d5 2. Nf3 Nf6 3. c4 e6 4. g3 dxc4 5. Bg2 Be7 6. 0-0 0-0 7. Qc2 a6 8. Qxc4 b5 9. Qc2 Bb7 10. Bd2 Be4 11. Qc1 Nbd7 12. Ba5 Bd6 13. Nbd2 Bb7 14. Qc2 Nb6 15. Rac1 Rc8 16. Qd3 Qe7 17. a3 Rfd8 18. Bh3 b4 19. e4 bxa3 20. e5 axb2 21. exd6 bxc1N 22. dxe7 Nxd3 23. exd8Q+ Rxd8 24. Rb1 Bxf3 25. Nxf3 Ne4 26. Bf1 Ndxf2 27. h3 g5 28. Be1 g4 29. hxg4 Nxg4 30. Bxa6 Nd5 31. Bd3 Nef6 32. Nh2 Nde3 33. Nxg4 Nfxg4 34. Be2 h5 35. Rc1 Rxd4 36. Rxc7 Nd5 37. Rc8+ Kg7 38. Rc4 Rxc4 39. Bxc4 Nde3 40. Ba6 Kg6 41. Ba5 Kf6 42. Bb5 Ke5 43. Be8 Kf6 44. Bd8+ Kg6 45. Bb6 Nf5 46. Bc7 e5 47. Kg2 Nd4 48. Bd7 f6 49. Ba5 e4 50. Bc7 e3 51. Be8+ Kf5 52. Bxh5 Nc2 53. Ba5 e2 54. Kf3 e1N+ 55. Ke2 Ng2 56. Be8 Nd4+ 57. Kd3 Ne6 58. Bc6 N2e3 59. Be4+ Ke5 60. Bc3+ Kd6 61. Ke2 f5 62. Bd3 Kd5 63. Ba6 Nc5 64. Bc8 Ne4 65. Ba5 Nxg3+ 66. Kf3 Ngf1 67. Bxf5 Ngh2+ 68. Kf4 Nc4 69. Bc7 Kc6 70. Bd3 Kxc7 71. Bxc4 1/2-1/2

[Event "Caracas VII Aniversario Ciencias U.C.V."]
[Site "Caracas"]
[Date "2015.04.02"]
[Round "4.6"]
[White "Zamora Monascal, Petter David"]
[Black "Tirado Veliz, Henry Jose"]
[Result "1/2-1/2"]
[WhiteElo "1968"]
[BlackElo "2116"]
[PlyCount "45"]
[EventDate "2015.04.01"]
[EventType "swiss"]
[EventRounds "9"]
[EventCountry "VEN"]
[SourceTitle "EXT 2022"]
[Source "ChessBase"]
[SourceDate "2021.10.06"]
[SourceVersion "1"]
[SourceVersionDate "2021.10.06"]
[SourceQuality "1"]

1. d4 Nf6 2. Nf3 g6 3. Bg5 Bg7 4. Nbd2 d5 5. e3 0-0 6. Bd3 b6 7. c3 Bb7 8. Qb1 c5 9. a4 Nc6 10. 0-0 Re8 11. Re1 Qc8 12. h3 e5 13. dxe5 Nxe5 14. Nxe5 Rxe5 15. Bf4 Re8 16. e4 dxe4 17. Nxe4 Nxe4 18. Bxe4 Bxe4 19. Rxe4 Qc6 20. Rxe8+ Rxe8 21. Qd3 c4 22. Qd2 Bf6 23. Qd6 1/2-1/2

[Event "Punto Fijo IRT U2200"]
[Site "Punto Fijo"]
[Date "2013.11.14"]
[Round "4.3"]
[White "Zamora Monascal, Petter David"]
[Black "Guinan Lopez, Jesus Manuel"]
[Result "1/2-1/2"]
[WhiteElo "1991"]
[BlackElo "2012"]
[PlyCount "74"]
[EventDate "2013.11.14"]
[EventType "swiss"]
[EventRounds "7"]
[EventCountry "VEN"]
[SourceTitle "EXT 2022"]
[Source "ChessBase"]
[SourceDate "2021.10.06"]
[SourceVersion "1"]
[SourceVersionDate "2021.10.06"]
[SourceQuality "1"]

1. e4 c5 2. c3 d5 3. exd5 Qxd5 4. d4 Nf6 5. Nf3 e6 6. Be2 Nc6 7. 0-0 cxd4 8. cxd4 Be7 9. Nc3 Qd6 10. Be3 0-0 11. Qb3 b6 12. Rfd1 Bb7 13. Rac1 Rac8 14. a3 Rfd8 15. Qa4 a6 16. d5 Na5 17. Bf4 Qd7 18. Qxd7 Rxd7 19. dxe6 Rxd1+ 20. Rxd1 fxe6 21. Bd6 Bxf3 22. gxf3 Kf7 23. Bxe7 Kxe7 24. Bxa6 Rc5 25. Ne4 Rc2 26. b4 Nc4 27. Bxc4 Rxc4 28. Re1 h6 29. b5 Nd5 30. Kg2 Rc2 31. Ra1 Rb2 32. a4 Nf4+ 33. Kg3 Nh5+ 34. Kh4 Nf6 35. Kg3 Nh5+ 36. Kg2 Nf4+ 37. Kg3 Nh5+ 1/2-1/2